International journal of public in Central and Eastern Europe
Na minha lista:
| Formato: | Periódico |
|---|---|
| Idioma: | inglês |
| Publicado em: |
Budapest
Magyar Hivatalos Közlönykiadó - Hungarian Official Journal Publisher
2008
|
| Assuntos: | |
| Tags: |
Sem tags, seja o primeiro a adicionar uma tag!
|
MARC
| LEADER | 00000nas2a2200000 4500 | ||
|---|---|---|---|
| 001 | 0147778 | ||
| 005 | 20120214083034.9 | ||
| 022 | |a 1789-1035 | ||
| 041 | 0 | |a eng | |
| 044 | |a HU | ||
| 245 | 1 | 0 | |a International journal of public in Central and Eastern Europe |
| 264 | 1 | |a Budapest |b Magyar Hivatalos Közlönykiadó - Hungarian Official Journal Publisher |c 2008 | |
| 773 | 0 | |w eu_un_cat*0074467 | |
| 610 | 2 | 0 | |a správa verejná |
| 610 | 2 | 0 | |a SVE |
| 610 | 2 | 0 | |a Európa |